| 000 | 01426cam a22003378a 4500 | ||
|---|---|---|---|
| 008 | |||
| 020 | _a0897667492 | ||
| 020 | _a0897667506 (pbk) | ||
| 049 | _aMAIN | ||
| 090 |
_aQ11 _bBEY |
||
| 245 | 0 | 0 |
_aBeyond deficiency : _bnew views on the function and health effects of vitamins / _cedited by Howerde E. Sauberlich and Lawrence J. Machlin. |
| 260 |
_aNew York : _bNew York Academy of Sciences, _cc1992. |
||
| 300 |
_a404 p. : _bill. ; _c24 cm. |
||
| 440 | 0 |
_aAnnals of the New York Academy of Sciences, _x0077-8923 ; _vv.669. |
|
| 500 | _aIncludes index. | ||
| 500 | _a"This volume is the result of a conference entitled 'Beyond deficiency: New views on the function and health effects of vitamins,' held in Arlington, Virginia on February 9-12, 1992, by the New York Academy of Sciences."--Galley. | ||
| 504 | _aIncludes bibliographical references. | ||
| 650 | 0 |
_aVitamins in human nutrition _xCongresses. |
|
| 650 | 0 |
_aVitamins _xPhysiological effect _xCongresses. |
|
| 650 | 0 |
_aVitamins _xTherapeutic use _xCongresses. |
|
| 650 | 2 |
_aNutrition _xcongresses. |
|
| 650 | 2 |
_aVitamins _xphysiology _xcongresses. |
|
| 650 | 2 |
_aVitamins _xtherapeutic use _xcongresses. |
|
| 700 | 1 | _aSauberlich, Howerde E. | |
| 700 | 1 | _aMachlin, Lawrence J. | |
| 907 |
_a.b10214471 _b20-04-12 _c14-09-06 |
||
| 003 | |||
| 005 | 20230123134245.0 | ||
| 040 | _cNUST | ||
| 942 |
_cBOOKS _kQ11 _mBEY |
||
| 999 |
_c162771 _d162771 |
||